| 000 | 00987nam a2200277 i 4500 | ||
|---|---|---|---|
| 003 | EG-ScBUE | ||
| 005 | 20230605100530.0 | ||
| 008 | 150428s2012 cc a f 000 0 eng d | ||
| 020 | _a9787503865350 | ||
| 040 |
_aEG-ScBUE _beng _erda _cEG-ScBUE _dEG-ScBUE |
||
| 082 | 0 | 4 |
_a724.7 _bTOP _222 |
| 245 | 0 | 0 |
_aTop 101 : _bworld's new buildings. _nII / _cby J Tart ; concept and compilation by Wang Zhi. |
| 264 | 1 |
_a[Beijing] : _bJTart Publishing & Media, _c2012. |
|
| 300 |
_a583 pages : _bcolor illustrations ; _c38 cm |
||
| 336 |
_2rdacontent _atext _btxt |
||
| 337 |
_2rdamedia _aunmediated _bn |
||
| 338 |
_2rdacarrier _avolume _bnc |
||
| 650 | 7 |
_aArchitecture, Modern _y21st century. _2BUEsh _913003 |
|
| 650 | 7 |
_aArchitecture, Modern _xDesigns and plans _y21st century. _2BUEsh _937751 |
|
| 651 | _2BUEsh | ||
| 653 |
_bENGARC _cApril2015 |
||
| 655 | _vReading book | ||
| 700 | 1 |
_aWang, Zhi, _937757 _ecollector. |
|
| 710 | 2 |
_aJTart Publishing & Media. _937694 |
|
| 942 |
_2ddc _k724.7 TOP _cBB |
||
| 999 |
_c19231 _d19203 |
||